Spitznamen Österreichischer Fussballvereine - Statistiken

Allgemein
  • Dieses Quiz wurde 437 mal gespielt
    353 seit der letzten Aktualisierung
  • Das Durchschnittsergebnis liegt bei 6 aus 13
Antwortstatistiken
Fußballverein Spitznamen % Korrekt
FK Austria Wien Die Veilchen
87%
FC Red Bull Salzburg Die Bullen
79%
SKN Sankt Pölten Die Wölfe
73%
Wolfsberger AC Die Wölfe
73%
SK Rapid Wien Die Grün-Weißen
68%
SK Sturm Graz Die Blackies
60%
Grazer AK 1902 Die Rotjacken
50%
SV Ried Die Wikinger
28%
Kapfenberger SV 1919 Die Falken
26%
LASK Linz Die Athletiker
21%
FC Admira Wacker Mödling Die Südstädter
13%
First Vienna FC 1894 Die Blau-Gelben
11%
Donawitzer SV Leoben Das Hochofenballett
2%
Keine übereinstimmenden Quizze gefunden
Verteilung der Resultate
Anzahl Personen mit jedem Resultat
Perzentil nach korrekt beantworteten Fragen
Ihre Resultats-Entwicklung
Sie haben dieses Quiz seit der letzten Aktualisierung nicht gespielt